Central Library OPAC University of Rajshahi

Ruskin, the great Victorian / (Record no. 23504)

MARC details
000 -LEADER
fixed length control field 00811cam a22002651 4500
001 - CONTROL NUMBER
control field 23504
003 - CONTROL NUMBER IDENTIFIER
rucl marc code BD-RjUL
005 - DATE AND TIME OF LATEST TRANSACTION
control field 20211209000934.0
008 - FIXED-LENGTH DATA ELEMENTS--GENERAL INFORMATION
fixed length control field 140311s1949 enkcf b 001 0beng
035 ## - SYSTEM CONTROL NUMBER
System control number (BD-RjUL)23569
System control number (OCoLC)783714
040 ## - CATALOGING SOURCE
Original cataloging agency DLC
Transcribing agency OKentU
Modifying agency OCoLC
-- DLC
-- BD-RjUL
Language of cataloging eng
041 ## - LANGUAGE CODE
Language code of text/sound track or separate title eng
082 ## - DEWEY DECIMAL CLASSIFICATION NUMBER
Classification number 928.2
Author mark and year LER 1949
100 1# - MAIN ENTRY--PERSONAL NAME
Personal name Leon, Derrick,
Dates associated with a name 1908-1944.
9 (RLIN) 72360
245 00 - TITLE STATEMENT
Title Ruskin, the great Victorian /
Statement of responsibility, etc. by Derrick Leon.
260 ## - PUBLICATION, DISTRIBUTION, ETC. (IMPRINT)
Place of publication, distribution, etc. London :
Name of publisher, distributor, etc. Routledge & K. Paul,
Date of publication, distribution, etc. 1949.
300 ## - PHYSICAL DESCRIPTION
Pagination xx, 595 p. :
Illustrations plate, ports ;
Size 23 cm.
500 ## - GENERAL NOTE
General note "Chief sources of material": p. 583-586.
504 ## - BIBLIOGRAPHY, ETC. NOTE
Bibliography, etc Includes bibliographical references and index.
600 10 - SUBJECT ADDED ENTRY--PERSONAL NAME
Personal name Ruskin, John,
Dates associated with a name 1819-1900.
942 ## - ADDED ENTRY ELEMENTS (KOHA)
Source of classification or shelving scheme Dewey Decimal Classification
Koha item type Books
Holdings
Lost status Source of classification or shelving scheme Damaged status Not for loan Collection code Permanent Location Current Location Shelving location Date acquired Source of acquisition Cost, normal purchase price Total Checkouts Full call number Date last seen Copy number Koha item type
  Dewey Decimal Classification   Added to bundle Non-fiction Central Library, University of Rajshahi Central Library, University of Rajshahi Reading Room 03/03/1955 U. B. D. 0.00   928.2 LER 1949 11/03/2014 C-1 Books